Music Quiz

Random Music or Kpop Quiz

EVERY BTS MUSIC VIDEO Quiz Stats

 Plays Quiz not verified by Sporcle

Score 0/21 Timer 01:30
0 Plays Today
HINT Answer % Correct
2013N.O
97%
DEBUTNO MORE DREAM
92.7%
2018FAKE LOVE
78.6%
2017DNA
76.8%
FIRST MUSIC SHOW WINI NEED U
75.3%
2015RUN
71.4%
COLLABMIC DROP (STEVE AOKI REMIX)
70.1%
2013WE ARE BULLETPROOF PT.2
65.5%
FIRST MUSIC SHOW NOMINATIONBOY IN LUV
65.3%
2016FIRE
64%
2016BLOOD SWEAT & TEARS
62.3%
HINT Answer % Correct
2014DANGER
60.3%
2017SPRING DAY
58.5%
2015DOPE
57.4%
2016SAVE ME
57.2%
2014JUST ONE DAY
55.4%
2014WAR OF HORMONE
54%
2017NOT TODAY
50.6%
2016EPILOGUE: YOUNG FOREVER
37.7%
REMAKE PROJECTCOME BACK HOME
23.7%
BEST MUSIC VIDEO EVER MADESPINE BREAKER
21.8%

You're not logged in!

Compare scores with friends on all Sporcle quizzes.
OR
Log In

Show Comments

Extras

Top Quizzes Today


Score Distribution

Your Account Isn't Verified!

In order to create a playlist on Sporcle, you need to verify the email address you used during registration. Go to your Sporcle Settings to finish the process.

Report this User

Report this user for behavior that violates our Community Guidelines.

Details: